[Event "Maastricht Limburg op-B 9th"]
[Site "Maastricht"]
[Date "2015.05.25"]
[Round "6"]
[White "Van Ginneken, Jos"]
[Black "Uckerman, John"]
[Result "0-1"]
[WhiteElo "1678"]
[BlackElo "1705"]
[PlyCount "120"]
[EventDate "2015.05.22"]
[EventType "swiss"]
[EventRounds "7"]
[EventCountry "NED"]
[SourceTitle "EXT 2016"]
[Source "ChessBase"]
[SourceDate "2015.10.08"]
[SourceVersion "1"]
[SourceVersionDate "2015.10.08"]
[SourceQuality "1"]

1. e4 d6 2. f4 Nf6 3. d3 e5 4. Nf3 Bg4 5. Be2 Bxf3 6. Bxf3 Nc6 7. c3 h5 8. b4 a6 9. a4 Qd7 10. f5 d5 11. 0-0 d4 12. c4 Bxb4 13. Bd2 Qe7 14. Bg5 h4 15. h3 Qd6 16. Nd2 a5 17. Ra2 Bc3 18. Nb3 Nb4 19. Rff2 Nxa2 20. Rxa2 b6 21. Bc1 Rh7 22. Ba3 Bb4 23. Bc1 Ke7 24. Na1 Nd7 25. Nc2 Nc5 26. Na1 Rah8 27. Bg4 Na6 28. Nb3 Qc6 29. Na1 Nc5 30. Bb2 Na6 31. Bc1 Ke8 32. Nc2 Be7 33. Na3 Qa8 34. Nc2 Qd8 35. Ne1 Bg5 36. Nf3 Bxc1 37. Qxc1 Nb4 38. Ra3 Qe7 39. Ne1 g6 40. Kh1 gxf5 41. Bxf5 Rg7 42. Rb3 Na2 43. Qc2 Nc3 44. Rb2 Qa3 45. Nf3 f6 46. Nd2 Qxa4 47. Nb3 Qa3 48. c5 b5 49. c6 a4 50. Qf2 Qd6 51. Na5 Ke7 52. Qe1 a3 53. Rc2 a2 54. Rxc3 dxc3 55. Qxc3 Rg3 56. Nb7 a1Q+ 57. Qxa1 Qxd3 58. Qg1 Qd4 59. Qe1 Ra8 60. Na5 Qc3 0-1

[Event "Maastricht Limburg op-B 8th"]
[Site "Maastricht"]
[Date "2014.06.08"]
[Round "4"]
[White "Beukema, Jasper"]
[Black "Uckerman, John"]
[Result "1/2-1/2"]
[WhiteElo "1862"]
[BlackElo "1708"]
[PlyCount "80"]
[EventDate "2014.06.06"]
[EventType "swiss"]
[EventRounds "7"]
[EventCountry "NED"]
[SourceTitle "EXT 2015"]
[Source "ChessBase"]
[SourceDate "2014.11.20"]
[SourceVersion "1"]
[SourceVersionDate "2014.11.20"]
[SourceQuality "1"]

1. e4 d6 2. d4 Nf6 3. Nc3 e5 4. dxe5 dxe5 5. Qxd8+ Kxd8 6. Bg5 Bd6 7. 0-0-0 Nbd7 8. Bc4 Ke8 9. f3 a6 10. Nge2 h6 11. Be3 Ke7 12. Ng3 g6 13. h4 Bc5 14. Bxc5+ Nxc5 15. Nd5+ Nxd5 16. Rxd5 Nd7 17. h5 c6 18. Rd2 b5 19. Be2 Nc5 20. hxg6 fxg6 21. Rhd1 Be6 22. Rd6 Rac8 23. a3 Nb7 24. R6d2 Rcd8 25. Nf1 Rxd2 26. Rxd2 Rd8 27. Ne3 Nc5 28. g3 h5 29. b4 Rxd2 30. Kxd2 Nb7 31. f4 Nd6 32. Bf3 Nf7 33. Ke2 Nd6 34. f5 Bf7 35. Kd3 g5 36. c3 Kf6 37. g4 h4 38. Bg2 Ba2 39. Kc2 Bc4 40. Kd2 Ba2 1/2-1/2

[Event "Maastricht Limburg op-B 6th"]
[Site "Maastricht"]
[Date "2012.05.28"]
[Round "7"]
[White "Mischke, Daniel"]
[Black "Uckerman, John"]
[Result "1/2-1/2"]
[WhiteElo "1718"]
[BlackElo "1762"]
[PlyCount "120"]
[EventDate "2012.05.25"]
[EventType "swiss"]
[EventRounds "7"]
[EventCountry "NED"]
[SourceTitle "EXT 2013"]
[Source "ChessBase"]
[SourceDate "2012.11.22"]
[SourceVersion "1"]
[SourceVersionDate "2012.11.22"]
[SourceQuality "1"]

1. d4 Nf6 2. c4 e6 3. Nf3 b6 4. g3 Bb7 5. Bg2 d6 6. 0-0 Nbd7 7. b3 Be7 8. Bb2 0-0 9. Nbd2 Re8 10. Re1 Bf8 11. e4 e5 12. Qc2 a5 13. dxe5 dxe5 14. Rad1 Bd6 15. a3 Qe7 16. Qc1 Nc5 17. Qc2 Ncd7 18. Qc1 g6 19. Re2 Nc5 20. Qc2 Bc8 21. h3 Bb7 22. a4 Rad8 23. Bc3 Qf8 24. Kh2 Qh6 25. h4 Ng4+ 26. Kg1 f6 27. Nf1 Qf8 28. Bh3 Bc8 29. Kg2 h5 30. Ne3 Na6 31. Nd5 Bc5 32. Bxg4 hxg4 33. Ne1 c6 34. Ne3 Bd4 35. Nd3 f5 36. Nxe5 Bxe5 37. Rxd8 Rxd8 38. Bxe5 Nb4 39. Qb1 Nd3 40. Bc7 Rd7 41. exf5 Qe8 42. Nxg4 Qxe2 43. Nf6+ Kf7 44. Nxd7 Qxf2+ 45. Kh1 Qf3+ 46. Kh2 Bxd7 47. fxg6+ Kxg6 48. Bxb6 Qe2+ 49. Kh1 Bh3 50. Qg1 Ne1 51. h5+ Kxh5 52. Qc5+ Kg6 53. Qxc6+ Be6 54. Qe8+ Kf5 55. Qf8+ Ke4 56. Qf4+ Kd3 57. Qd4+ Kc2 58. Qf2 Qxf2 59. Bxf2 Nd3 60. Bb6 Kxb3 1/2-1/2

[Event "Maastricht Limburg op-B 6th"]
[Site "Maastricht"]
[Date "2012.05.26"]
[Round "3"]
[White "Bex, Lennert"]
[Black "Uckerman, John"]
[Result "1/2-1/2"]
[WhiteElo "1739"]
[BlackElo "1762"]
[PlyCount "99"]
[EventDate "2012.05.25"]
[EventType "swiss"]
[EventRounds "7"]
[EventCountry "NED"]
[SourceTitle "EXT 2013"]
[Source "ChessBase"]
[SourceDate "2012.11.22"]
[SourceVersion "1"]
[SourceVersionDate "2012.11.22"]
[SourceQuality "1"]

1. c4 Nf6 2. g3 d6 3. Bg2 e5 4. Nc3 Nbd7 5. d3 c6 6. e3 Be7 7. Nge2 Qc7 8. 0-0 g5 9. d4 Nf8 10. Qc2 Ng6 11. f4 h6 12. Ne4 Nxe4 13. Qxe4 f5 14. Qd3 0-0 15. Bd2 e4 16. Qc2 g4 17. a3 Be6 18. b4 Qd7 19. c5 d5 20. Rfb1 a6 21. a4 Rfc8 22. Qb2 Qe8 23. Ra3 Bd7 24. Nc3 h5 25. b5 Bd8 26. bxc6 Bxc6 27. a5 Nf8 28. Qa2 Qf7 29. Kf2 Nd7 30. Qb3 Bc7 31. Na2 Rab8 32. Nb4 Nf6 33. Nxc6 bxc6 34. Qc2 Rxb1 35. Qxb1 Bd8 36. Rb3 Qa7 37. Bf1 Ne8 38. h3 Nc7 39. hxg4 hxg4 40. Be2 Nb5 41. Qh1 Qh7 42. Qxh7+ Kxh7 43. Rb1 Kg6 44. Rh1 Bf6 45. Kg2 Rc7 46. Rc1 Rb7 47. Rb1 Rc7 48. Bxb5 cxb5 49. Rc1 Rc6 50. Bb4 1/2-1/2

[Event "Maastricht Limburg op-B 6th"]
[Site "Maastricht"]
[Date "2012.05.25"]
[Round "1"]
[White "Lentjes, Noud"]
[Black "Uckerman, John"]
[Result "1-0"]
[WhiteElo "1940"]
[BlackElo "1762"]
[PlyCount "47"]
[EventDate "2012.05.25"]
[EventType "swiss"]
[EventRounds "7"]
[EventCountry "NED"]
[SourceTitle "EXT 2013"]
[Source "ChessBase"]
[SourceDate "2012.11.22"]
[SourceVersion "1"]
[SourceVersionDate "2012.11.22"]
[SourceQuality "1"]

1. e4 e5 2. Nf3 d6 3. d4 Nd7 4. Nc3 Ngf6 5. h3 h6 6. Be3 Be7 7. Qd2 c6 8. Bd3 g5 9. 0-0-0 Qa5 10. Kb1 a6 11. g4 b5 12. h4 Nxg4 13. hxg5 exd4 14. Bxd4 Nde5 15. Bxe5 Nxe5 16. Nxe5 dxe5 17. Rxh6 Rg8 18. g6 Be6 19. gxf7+ Bxf7 20. Rxc6 b4 21. Nd5 Bxd5 22. exd5 Bg5 23. Qe2 Bf4 24. Qh5+ 1-0

[Event "Maastricht Limburg op-C 5th"]
[Site "Maastricht"]
[Date "2011.06.11"]
[Round "2"]
[White "Scheeren, Wiel"]
[Black "Uckerman, John"]
[Result "0-1"]
[WhiteElo "1625"]
[BlackElo "1657"]
[PlyCount "50"]
[EventDate "2011.06.10"]
[EventType "swiss"]
[EventRounds "7"]
[EventCountry "NED"]
[SourceTitle "EXT 2012"]
[Source "ChessBase"]
[SourceDate "2011.11.24"]
[SourceVersion "1"]
[SourceVersionDate "2011.11.24"]
[SourceQuality "1"]

1. f4 Nf6 2. b3 d6 3. Bb2 Nbd7 4. Nf3 c6 5. e3 Qc7 6. Bc4 b5 7. Be2 e5 8. fxe5 dxe5 9. 0-0 Bd6 10. d3 Ng4 11. Qd2 Bc5 12. d4 e4 13. h3 exf3 14. hxg4 fxe2 15. Rf4 Bd6 16. Re4+ Kf8 17. Qxe2 Nf6 18. Nd2 Nxe4 19. Nxe4 Qe7 20. Qf3 Be6 21. Rf1 Kg8 22. g5 Bd5 23. Nf6+ gxf6 24. Qh5 Qxe3+ 25. Rf2 Bg3 0-1

[Event "Maastricht Limburg op-B 4th"]
[Site "Maastricht"]
[Date "2010.05.24"]
[Round "7"]
[White "Camps, Jeroen"]
[Black "Uckerman, John"]
[Result "1/2-1/2"]
[WhiteElo "1849"]
[BlackElo "1706"]
[PlyCount "52"]
[EventDate "2010.05.21"]
[EventType "swiss"]
[EventRounds "7"]
[EventCountry "NED"]
[SourceTitle "EXT 2011"]
[Source "ChessBase"]
[SourceDate "2010.11.26"]
[SourceVersion "1"]
[SourceVersionDate "2010.11.26"]
[SourceQuality "1"]

1. e4 d6 2. d4 Nd7 3. Be3 Ngf6 4. f3 h6 5. c4 c6 6. Bd3 e5 7. d5 Be7 8. Qd2 Qc7 9. Nc3 Nf8 10. Nge2 g5 11. dxc6 bxc6 12. Ng3 Ng6 13. Nf5 Bxf5 14. exf5 Nf4 15. Be4 Rb8 16. b3 d5 17. Bxf4 dxe4 18. Bg3 Rd8 19. Qb2 Bb4 20. 0-0 Rd3 21. Nxe4 Nxe4 22. fxe4 0-0 23. Bxe5 Qb6+ 24. Kh1 Rd2 25. Qc1 Qe3 26. Qe1 Qd3 1/2-1/2

[Event "LiSB-ch B"]
[Site "Sittard"]
[Date "2003.12.07"]
[Round "7"]
[White "Van Steenbergen, Bert"]
[Black "Uckerman, John"]
[Result "1-0"]
[WhiteElo "1868"]
[BlackElo "1780"]
[PlyCount "107"]
[EventDate "2003.11.29"]
[EventType "swiss"]
[EventRounds "7"]
[EventCountry "NED"]
[SourceTitle "EXT 2009"]
[Source "ChessBase"]
[SourceDate "2008.11.26"]
[SourceVersion "1"]
[SourceVersionDate "2008.11.26"]
[SourceQuality "1"]

1. d4 Nf6 2. Nf3 e6 3. c4 b6 4. a3 Bb7 5. b4 d6 6. g3 Bxf3 7. exf3 Nbd7 8. Bg2 Be7 9. f4 Rb8 10. Qa4 0-0 11. Qxa7 c5 12. dxc5 bxc5 13. Qa4 d5 14. cxd5 exd5 15. b5 Qb6 16. Nc3 d4 17. Nd5 Qe6+ 18. Ne3 dxe3 19. fxe3 Nd5 20. Qe4 Qxe4 21. Bxe4 Bf6 22. Bxd5 Bxa1 23. Bc6 Bc3+ 24. Ke2 Nb6 25. Kd3 Bf6 26. a4 g6 27. h4 Rbd8+ 28. Kc2 Rd6 29. e4 Rd4 30. e5 Bg7 31. h5 Rfd8 32. hxg6 hxg6 33. Re1 Rc4+ 34. Kb1 Bh6 35. g4 Bg7 36. Bg2 Rcd4 37. Kc2 c4 38. Be3 Rd3 39. Bxb6 Rd2+ 40. Kc1 R8d3 41. Be4 Rd8 42. Bxd8 Rxd8 43. a5 Rd4 44. a6 Bf8 45. Re2 Bc5 46. b6 c3 47. Kc2 Rd8 48. Kxc3 Kf8 49. Kc4 Bg1 50. Bc6 Ke7 51. Kb5 Rd3 52. Ka5 Kd8 53. e6 fxe6 54. Rxe6 1-0

[Event "Weijers OHK op"]
[Site "Weijers"]
[Date "2003.??.??"]
[Round "?"]
[White "Nelissen, Andy"]
[Black "Uckerman, John"]
[Result "1/2-1/2"]
[WhiteElo "1790"]
[BlackElo "1760"]
[PlyCount "57"]
[EventDate "2003.??.??"]
[EventType "swiss"]
[EventRounds "7"]
[EventCountry "NED"]
[SourceTitle "EXT 2007"]
[Source "ChessBase"]
[SourceDate "2006.11.23"]
[SourceVersion "1"]
[SourceVersionDate "2006.11.23"]
[SourceQuality "1"]

1. e3 Nf6 2. Nf3 e6 3. c4 b6 4. Nc3 Bb7 5. d4 Bb4 6. Bd3 Bxc3+ 7. bxc3 d6 8. 0-0 0-0 9. Re1 Nbd7 10. e4 e5 11. Bg5 h6 12. Bh4 Re8 13. Nd2 Nf8 14. Qf3 g5 15. Bg3 Ng6 16. d5 Qe7 17. Nf1 Nf4 18. Bc2 N6h5 19. Bxf4 Nxf4 20. Ne3 Qf6 21. Nf5 Bc8 22. g3 Bxf5 23. exf5 Ng6 24. Kg2 Nf8 25. Re4 Nd7 26. Ba4 Nc5 27. Bxe8 Rxe8 28. Rae1 Nxe4 29. Rxe4 1/2-1/2